South Eastern Kenya University

Library Online Public Access Catalogue


Precalculus (Record no. 16998)

MARC details
000 -LEADER
fixed length control field 00395nam a22001697a 4500
003 - CONTROL NUMBER IDENTIFIER
control field OSt
005 - DATE AND TIME OF LATEST TRANSACTION
control field 20180814120700.0
008 - FIXED-LENGTH DATA ELEMENTS--GENERAL INFORMATION
fixed length control field 180814b ||||| |||| 00| 0 eng d
020 ## - INTERNATIONAL STANDARD BOOK NUMBER
International Standard Book Number 9780538734493
040 ## - CATALOGING SOURCE
Original cataloging agency SEKU
100 ## - MAIN ENTRY--PERSONAL NAME
Relator code Larson,Ron
245 ## - TITLE STATEMENT
Title Precalculus
Remainder of title A Concise Course
250 ## - EDITION STATEMENT
Edition statement 2nd ed.
260 ## - PUBLICATION, DISTRIBUTION, ETC. (IMPRINT)
Place of publication, distribution, etc. US:
Name of publisher, distributor, etc. Centage learning,
Date of publication, distribution, etc. 2011.
300 ## - PHYSICAL DESCRIPTION
Extent 526p.
942 ## - ADDED ENTRY ELEMENTS (KOHA)
Source of classification or shelving scheme Library of Congress Classification
Koha item type General circulation
Holdings
Withdrawn status Lost status Source of classification or shelving scheme Damaged status Not for loan Home library Current library Shelving location Date acquired Total Checkouts Barcode Date last seen Price effective from Koha item type Date last checked out
    Library of Congress Classification     Main Campus Library Main Campus Library General Stacks 14/08/2018   2017/020421 14/08/2018 14/08/2018 General circulation  
    Library of Congress Classification     Main Campus Library SEKU-BINDERY General Stacks 14/08/2018 1 14371 07/12/2018 14/08/2018 General circulation 26/11/2018
Kitui, Kenya.
+254736116989
library@seku.ac.ke